000 00802nam a2200205 u 4500
001 000019121
005 20200929165928.0
008 100526s2004 es r 001 0 spa d
020 _a8400060466
040 _aDO-SdBNP
_bspa
_cBNPHU
082 _axxxx
_bE596m
245 0 0 _aEnsayos de metodología histórica en el campo americanista /
_cFermín del Pino Díaz.
260 _aEspaña :
_bSociedad Superior de Investigaciones Científicas
_bCentro de Estudios Históricos
_bDepartamento de Historia de América.
300 _a178 p. ;
_c22 cm.
490 1 _aAnexos de revista de Indias
_vno. 1
500 _aIncluye referencias bibliográficas y notas al pie de las páginas
700 1 _aPino Díaz, Fermín del
_ecoor.
_941144
830 0 _aAnexos de revista de Indias
_vno. 1
_941145
049 _aBNPD
999 _c18639
_d18639